BIBLIOTHÈQUE DE LA MAISON DU MEXIQUE

Logo 1 Logo 2

La ciruela (Registro nro. 7180)

Detalles MARC
000 -Sello discográfico
campo de control de longitud fija 00938nam a2200301 4500
005 - Identificación de versión
campo de control 20251016084748.0
010 ## - Número Estándar Internacional de Libros (ISBN)
Número (ISBN) 970-35-0851-0 (Conaculta)
010 ## - Número Estándar Internacional de Libros (ISBN)
Número (ISBN) 970-9912-07-0 (Arte y Escena Ediciones)
099 ## - fechas locales
Tipo de ítem Koha LIBRO
100 ## - Datos de procesamiento general
Datos de procesamiento general 20240628d2005 m y1spay5003 ba
105 ## - Campo de datos codificados: Material textual, monográfico
Datos codificados de monografía y 001by
200 1# - Título y mención de responsabilidad
Título propio La ciruela
Designación general del material texto impreso
Primer mención de responsabilidad Salvador Lemis
205 ## - Declaración de edición
Declaración de edición 1a ed
210 ## - Publicación, distribución, etc.
Lugar de publicación, distribución, etc. México
Nombre del editor, distribuidor, etc. Ediciones El Milagro
-- Consejo Nacional para la Cultura y las Artes
Fecha de publicación, distribución, etc. 2005
215 ## - Descripción física
Designación de material específico y extensión del ítem 79 p
Dimensiones 17 cm
345 ## - Nota de información de adquisición
Fuente de adquisición/dirección de la suscripción [OBSOLETO] Donación
410 #1 - Series
Título Colección La Centena
Nombre de parte o sección Teatro
606 ## - Término temático usado como materia
Elemento de entrada Teatro cubano
Subdivisión cronológica Siglo XX
Número Koha 13116
660 ## - Código de área geográfica
Código MX
700 ## - Nombre personal - Responsabilidad primaria
Elemento de entrada Lemis Pérez Franco
Parte del nombre distinta del elemento de entrada Salvador
Fechas 1962-
Número Koha 13117
801 #0 - Fuente de origen
País FR
Agencia cm
Reglas de catalogación (convenciones descriptivas) AFNOR
900 ## -
-- 1/22740
900 ## -
-- 7100417642\080104
942 ## - ELEMENTOS DE ENTRADA SECUNDARIOS (KOHA)
Tipo de ítem Koha Libro
996 ## -
-- MEX
-- 751145101
-- MMAG
-- 010548
-- 860.4 C397T V.27
-- 20240628LIV
Existencias
Estatus retirado Estado de daño Estado de pérdida Fecha de adquisición Biblioteca de origen Biblioteca actual Ubicación en estantería Código de barras Precio de reemplazo Signatura topográfica completa No para préstamo Tipo de ítem Koha Nota pública Nota no pública
      05/08/2025 Casa México Paris Casa México Paris   010548 05/08/2025 860.4 C397T V.27   Libro 20240628LIV 751145101